000 00369nam a2200145Ia 4500
008 230917s9999||||xx |||||||||||||| ||und||
040 _e219258
_aMAIN
041 _aEnglish
082 _a658.3 R18H
100 _aRao, T V, ed.
245 0 _aHRD in the new economic environment
260 _aNew Delhi
_bTata McGraw-Hill
_c1994
300 _axiv, 436 p.
942 _cBK
999 _c135100
_d135100